000 00464nam a2200157Ia 4500
999 _c18665
_d18665
003 OSt
005 20200701100518.0
008 190216s9999||||xx |||||||||||||| ||und||
040 _coclc
082 _a909
_bMAG/H
100 _aMagenis, Alice
_93374
245 0 _aA History Of The World /
_cAlice Magenis ; John Conrad Appel
260 _bEurasia Pub-Ltd,
_c1963.
_aNew Delhi:
300 _a592p
942 _cBK
_2ddc
_h909
_iMAG/H
_k909
_mMAG/H